000 01777 a2200337 4500
003 BJBSDDR
005 20260409131833.0
007 ta
008 250828s2023 sp 00| 0 spa d
020 _a9788413642017
020 _a8413642019
040 _bspa
_cBJBSDDR
041 _aspa
_hita
050 1 4 _aJC 423
_bF368c 2023
100 1 _aFerrajoli, Luigi,
_d1940-
_93382
240 1 0 _aCostruzione della democrazia.
_lEspañol
245 1 3 _aLa construcción de la democracia :
_bteoría del garantismo constitucional /
_cLuigi Ferrajoli ; traducción de Perfecto Andrés Ibáñez.
260 _aMadrid :
_bEditorial Trotta,
_c2023.
300 _a492 páginas ;
_c23 cm.
490 1 _aEstructuras y Procesos.
500 _aTítulo original: La costruzione della democrazia : teoria del garantismo costituzionale
504 _aIncluye referencias bibliográficas e índice.
520 _aLa democracia está hoy en crisis también en los países donde, hasta hace poco, parecía irreversible. Frente a la idea de que no existen alternativas a la crisis, este libro aboga por tomar en serio el derecho vigente construyendo las garantías de las promesas de paz e igualdad en los derechos fundamentales. La expansión del paradigma normativo del constitucionalismo democrático, configurado como paradigma formal, no es una simple opción progresista, sino una actuación impuesta por las cartas de derechos y la única alternativa realista a un futuro de catástrofes.
650 4 _aDemocracia
_9409
650 4 _aDerechos civiles
_92980
650 4 _aEstado de derecho
_913368
700 1 _aAndrés Ibáñez, Perfecto,
_d1943-
_943353
_etraductor
830 0 _aColección Estructuras y procesos.
_pSerie Derecho
_93383
942 _2lcc
_cBK
946 _irmza
999 _c124970
_d124970